000 00300nam a22001337a 4500
008 170307b xxu||||| |||| 00| 0 eng d
020 _a9780323022422
041 _aeng
080 _212 ED
_a611
100 _a6
101 _aSHM
245 _aSTRUCTURE FUNCTION BODY
_cTHIBODEAU.G.A
942 _2udc
_cBK
999 _c7000
_d7000